Recommended methods for the chemical control of cane sugar factories.

Bibliographic Details
Main Author: Keller, Arthur G.
Format: Book
Language:English
Published: Baton Rouge : College of Engineering, Louisiana State University and Agricultural and Mechanical College, 1955.
Series:Engineering research bulletin ; no. 50.
Subjects:

MARC

Tag First Indicator Second Indicator Subfields
LEADER 00000cam a2200000 4500
001 in00000099500
005 20150926125621.0
008 800403s1955 lau s00000 eng d
010 |a  55062775  
035 |a (OCoLC)06162774 
035 |9 AAL3921AM 
040 |a TXA  |c TXA  |d UtOrBLW 
049 |a TXAM  |c [709250] 
090 |a TA7  |b .L6 no. 50 
100 1 |a Keller, Arthur G. 
245 1 0 |a Recommended methods for the chemical control of cane sugar factories. 
264 1 |a Baton Rouge :  |b College of Engineering, Louisiana State University and Agricultural and Mechanical College,  |c 1955. 
300 |a 116 pages 
336 |a text  |b txt  |2 rdacontent 
337 |a unmediated  |b n  |2 rdamedia 
338 |a volume  |b nc  |2 rdacarrier 
490 1 |a Louisiana State University. Engineering Experiment Station. Bulletin no. 50 
650 0 |a Sugar  |x Manufacture and refining. 
650 0 |a Sugar  |x Testing. 
830 0 |a Engineering research bulletin ;  |v no. 50. 
999 |a MARS 
999 f f |s 268081a7-e906-3f8e-a524-3ff1dad4b491  |i 0f0604bd-4de0-39c4-ae1f-8f446d081b97  |t 0 
952 f f |p ric  |a Texas A&M University  |b Rellis Campus  |c Joint Library Facility  |d Remote Storage  |t 0  |e TA7 .L6 no.50  |h Library of Congress classification  |i unmediated -- volume  |m A14805285830 
998 f f |a TA7 .L6 no.50  |t 0  |l Remote Storage